Quelle musique de Taylor Swift correspond à quel album ? - Statistiques

Statistiques générales
  • Ce quiz a été pris 111 fois
  • Le résultat moyen est 84 sur 130
Statistiques - réponses
Hint Réponse % Correct
You belong With Me Fearless
79%
London Boy Lover
79%
Labyrinth Midnights
79%
Blank Space 1989
78%
Shake It Off 1989
78%
Style 1989
78%
Cruel Summer Lover
78%
You Need To Calm Down Lover
78%
...Ready for It? Reputation
78%
Blank Space 1989
77%
Red Red
77%
Getaway Car Reputation
77%
Bad Blood 1989
76%
Wildest Dreams 1989
76%
Out of the Woods 1989
76%
New Romantics 1989
76%
Cardigan Folklore
76%
Miss Americana & the Heartbreak Prince Lover
76%
ME! Lover
76%
Midnight Rain Midnights
76%
Anti-Hero Midnights
76%
Lavender Haze Midnights
76%
Karma Midnights
76%
We Are Never Ever Getting Back Together Red
76%
Look What You Made Me Do Reputation
76%
Bad Blood 1989
74%
You Belong with Me Fearless
74%
Bejeweled Midnights
74%
August Folklore
73%
The Man Lover
73%
Snow on the Beach Midnights
73%
22 Red
73%
Enchanted Speak Now
73%
Tim McGraw Taylor Swift
73%
Marjorie Evermore
72%
The 1 Folklore
72%
Cornelia Street Lover
72%
Afterglow Lover
72%
You're on Your Own, Kid Midnights
72%
Willow Evermore
71%
Vigilante Shit Midnights
71%
Mastermind Midnights
71%
I Knew You Were Trouble Red
71%
End Game Reputation
71%
Delicate Reputation
71%
Back to December Speak Now
71%
Sparks Fly Speak Now
71%
Love Story Fearless
70%
Paper Rings Lover
70%
Paris Midnights
70%
Gorgeous Reputation
70%
Mean Speak Now
70%
Fifteen Fearless
69%
My Tears Ricochet Folklore
69%
Exile Folklore
69%
New Year's Day Reputation
69%
Mine Speak Now
69%
Our Song Taylor Swift
69%
Illicit Affairs Folklore
67%
Exile Folklore
67%
Betty Folklore
67%
The Great War Midnights
67%
Would've, Could've, Should've Midnights
67%
Picture to Burn Taylor Swift
67%
Tolerate It Evermore
66%
The Way I Love You Fearless
66%
Mirrorball Folklore
66%
Invisible String Folklore
66%
I Forgot That You Existed Lover
66%
False God Lover
66%
Tolerate it Evermore
65%
Champagne Problems Evermore
65%
No Body, No Crime Evermore
65%
The Last Great American Dynasty Folklore
65%
This Love 1989
64%
Tis the Damn Season Evermore
64%
Dorothea Evermore
64%
Death by a Thousand Cuts Lover
64%
Teardrops On My Guitar Taylor Swift
64%
Love Story Fearless
63%
White Horse Fearless
63%
It's Nice to Have a Friend Lover
63%
Better Than Revenge Speak Now
63%
All You Had to Do Was Stay 1989
62%
This is My Trying Folklore
62%
Sweet Nothing Midnights
62%
Dear John Speak Now
62%
Last Kiss Speak Now
62%
The Story of Us Speak Now
62%
Seven Folklore
60%
High Infidelity Midnights
60%
Glitch Midnights
60%
How You Get the Girl 1989
59%
Gold Rush Evermore
59%
Hey Stephen Fearless
59%
Hoax Folklore
59%
I Think He Knows Lover
59%
Cowboy Like Me Evermore
58%
Bigger Than the Whole Sky Midnights
57%
Stay Stay Stay Red
56%
Closure Evermore
55%
Coney Island Evermore
55%
Mad Woman Folklore
55%
Ivy Evermore
53%
Long Story Short Evermore
53%
Cowboy Like Me Evermore
53%
Peace Folklore
53%
Never Grow Up Speak Now
53%
Jump Then Fall Fearless
52%
Epyphany Folklore
51%
Forever & Always Fearless
50%
Soon You'll Get Better Lover
50%
Dear Reader Midnights
50%
Holy Ground Red
50%
Begin Again Red
49%
Everything Has Changed Red
49%
Should've Said No
Taylor Swift
49%
Treacherous Red
48%
Sad Beautiful Tragic Red
48%
Innocent Speak Now
45%
Ours Speak Now
45%
Hapiness Evermore
44%
SuperStar Fearless
43%
I Almost Do Red
43%
Come in With The Rain Fearless
42%
The Last Time Red
42%
Untouchable Fearless
41%
The Other Side of The Door Fearless
41%
Starlight Red
40%
The Lucky One Red
36%
Aucun quiz correspondant
Distribution des résultats
% des personnes avec chaque résultat
Percentile par nombre de réponses
Votre historique - résultats
Vous n’avez pas pris ce quiz